<?xml version="1.0" encoding="UTF-8"?><marc:collection xmlns:marc="http://www.loc.gov/MARC21/slim">
  <marc:record>
    <marc:leader>03172cam a2200577 c 4500</marc:leader>
    <marc:controlfield tag="001">593251946</marc:controlfield>
    <marc:controlfield tag="003">DE-627</marc:controlfield>
    <marc:controlfield tag="005">20250216224911.0</marc:controlfield>
    <marc:controlfield tag="007">tu</marc:controlfield>
    <marc:controlfield tag="008">090306s2008    au |||||      00| ||ger c</marc:controlfield>
    <marc:datafield tag="020" ind1=" " ind2=" ">
      <marc:subfield code="c">ISBN kart. : EUR 50,00</marc:subfield>
    </marc:datafield>
    <marc:datafield tag="035" ind1=" " ind2=" ">
      <marc:subfield code="a">(DE-627)593251946</marc:subfield>
    </marc:datafield>
    <marc:datafield tag="035" ind1=" " ind2=" ">
      <marc:subfield code="a">(DE-599)OBVAC07508452</marc:subfield>
    </marc:datafield>
    <marc:datafield tag="035" ind1=" " ind2=" ">
      <marc:subfield code="a">(OCoLC)552177745</marc:subfield>
    </marc:datafield>
    <marc:datafield tag="035" ind1=" " ind2=" ">
      <marc:subfield code="a">(AT-OBV)AC07508452</marc:subfield>
    </marc:datafield>
    <marc:datafield tag="040" ind1=" " ind2=" ">
      <marc:subfield code="a">DE-627</marc:subfield>
      <marc:subfield code="b">ger</marc:subfield>
      <marc:subfield code="c">DE-627</marc:subfield>
      <marc:subfield code="e">rakwb</marc:subfield>
    </marc:datafield>
    <marc:datafield tag="041" ind1=" " ind2=" ">
      <marc:subfield code="a">ger</marc:subfield>
    </marc:datafield>
    <marc:datafield tag="044" ind1=" " ind2=" ">
      <marc:subfield code="c">XA-AT</marc:subfield>
    </marc:datafield>
    <marc:datafield tag="082" ind1="0" ind2="4">
      <marc:subfield code="a">330</marc:subfield>
      <marc:subfield code="a">610</marc:subfield>
    </marc:datafield>
    <marc:datafield tag="084" ind1=" " ind2=" ">
      <marc:subfield code="a">QX 700</marc:subfield>
      <marc:subfield code="q">OBV</marc:subfield>
      <marc:subfield code="2">rvk</marc:subfield>
      <marc:subfield code="0">(DE-625)rvk/142186:</marc:subfield>
    </marc:datafield>
    <marc:datafield tag="088" ind1=" " ind2=" ">
      <marc:subfield code="a">2008 438 4 S 5106</marc:subfield>
    </marc:datafield>
    <marc:datafield tag="100" ind1="1" ind2=" ">
      <marc:subfield code="a">Biffl, Gudrun</marc:subfield>
      <marc:subfield code="d">1949-</marc:subfield>
      <marc:subfield code="0">(DE-588)138480060</marc:subfield>
      <marc:subfield code="0">(DE-627)602606403</marc:subfield>
      <marc:subfield code="0">(DE-576)30774745X</marc:subfield>
      <marc:subfield code="4">aut</marc:subfield>
    </marc:datafield>
    <marc:datafield tag="245" ind1="1" ind2="0">
      <marc:subfield code="a">Arbeitsbedingte Erkrankungen</marc:subfield>
      <marc:subfield code="b">Schätzung der gesamtwirtschaftlichen Kosten mit dem Schwerpunkt auf physischen Belastungen</marc:subfield>
      <marc:subfield code="c">Gudrun Biffl; Thomas Leoni. Österreichisches Institut für Wirtschaftsforschung. Im Auftrag der Kammer für Arbeiter und Angestellte für Wien</marc:subfield>
    </marc:datafield>
    <marc:datafield tag="264" ind1=" " ind2="1">
      <marc:subfield code="a">Wien</marc:subfield>
      <marc:subfield code="b">WIFO</marc:subfield>
      <marc:subfield code="c">2008</marc:subfield>
    </marc:datafield>
    <marc:datafield tag="300" ind1=" " ind2=" ">
      <marc:subfield code="a">VI, 123, [16] S.</marc:subfield>
      <marc:subfield code="b">graph. Darst.</marc:subfield>
      <marc:subfield code="c">30 cm</marc:subfield>
    </marc:datafield>
    <marc:datafield tag="336" ind1=" " ind2=" ">
      <marc:subfield code="a">Text</marc:subfield>
      <marc:subfield code="b">txt</marc:subfield>
      <marc:subfield code="2">rdacontent</marc:subfield>
    </marc:datafield>
    <marc:datafield tag="337" ind1=" " ind2=" ">
      <marc:subfield code="a">ohne Hilfsmittel zu benutzen</marc:subfield>
      <marc:subfield code="b">n</marc:subfield>
      <marc:subfield code="2">rdamedia</marc:subfield>
    </marc:datafield>
    <marc:datafield tag="338" ind1=" " ind2=" ">
      <marc:subfield code="a">Band</marc:subfield>
      <marc:subfield code="b">nc</marc:subfield>
      <marc:subfield code="2">rdacarrier</marc:subfield>
    </marc:datafield>
    <marc:datafield tag="500" ind1=" " ind2=" ">
      <marc:subfield code="a">Adresse des Verl.: 1103 Wien, Postfach 91</marc:subfield>
    </marc:datafield>
    <marc:datafield tag="650" ind1=" " ind2="7">
      <marc:subfield code="8">1.1\x</marc:subfield>
      <marc:subfield code="a">Berufskrankheit</marc:subfield>
      <marc:subfield code="0">(DE-627)091350573</marc:subfield>
      <marc:subfield code="0">(DE-2867)12618-4</marc:subfield>
      <marc:subfield code="2">stw</marc:subfield>
    </marc:datafield>
    <marc:datafield tag="650" ind1=" " ind2="7">
      <marc:subfield code="8">1.2\x</marc:subfield>
      <marc:subfield code="a">Arbeitsbedingungen</marc:subfield>
      <marc:subfield code="0">(DE-627)091347424</marc:subfield>
      <marc:subfield code="0">(DE-2867)11305-2</marc:subfield>
      <marc:subfield code="2">stw</marc:subfield>
    </marc:datafield>
    <marc:datafield tag="650" ind1=" " ind2="7">
      <marc:subfield code="8">1.3\x</marc:subfield>
      <marc:subfield code="a">Erwerbsunfähigkeit</marc:subfield>
      <marc:subfield code="0">(DE-627)091358086</marc:subfield>
      <marc:subfield code="0">(DE-2867)16531-3</marc:subfield>
      <marc:subfield code="2">stw</marc:subfield>
    </marc:datafield>
    <marc:datafield tag="650" ind1=" " ind2="7">
      <marc:subfield code="8">1.4\x</marc:subfield>
      <marc:subfield code="a">Dauer</marc:subfield>
      <marc:subfield code="0">(DE-627)09135448X</marc:subfield>
      <marc:subfield code="0">(DE-2867)19534-3</marc:subfield>
      <marc:subfield code="2">stw</marc:subfield>
    </marc:datafield>
    <marc:datafield tag="650" ind1=" " ind2="7">
      <marc:subfield code="8">1.5\x</marc:subfield>
      <marc:subfield code="a">Soziale Kosten</marc:subfield>
      <marc:subfield code="0">(DE-627)091389941</marc:subfield>
      <marc:subfield code="0">(DE-2867)10058-5</marc:subfield>
      <marc:subfield code="2">stw</marc:subfield>
    </marc:datafield>
    <marc:datafield tag="650" ind1=" " ind2="7">
      <marc:subfield code="8">1.6\x</marc:subfield>
      <marc:subfield code="a">Österreich</marc:subfield>
      <marc:subfield code="0">(DE-627)091381975</marc:subfield>
      <marc:subfield code="0">(DE-2867)16950-4</marc:subfield>
      <marc:subfield code="2">stw</marc:subfield>
    </marc:datafield>
    <marc:datafield tag="655" ind1=" " ind2="4">
      <marc:subfield code="0">(DE-206)34</marc:subfield>
      <marc:subfield code="a">Graue Literatur</marc:subfield>
      <marc:subfield code="5">DE-206</marc:subfield>
    </marc:datafield>
    <marc:datafield tag="689" ind1="0" ind2="0">
      <marc:subfield code="D">g</marc:subfield>
      <marc:subfield code="0">(DE-588)4043271-3</marc:subfield>
      <marc:subfield code="0">(DE-627)10420317X</marc:subfield>
      <marc:subfield code="0">(DE-576)209054964</marc:subfield>
      <marc:subfield code="a">Österreich</marc:subfield>
      <marc:subfield code="2">gnd</marc:subfield>
    </marc:datafield>
    <marc:datafield tag="689" ind1="0" ind2="1">
      <marc:subfield code="D">s</marc:subfield>
      <marc:subfield code="0">(DE-588)4002759-4</marc:subfield>
      <marc:subfield code="0">(DE-627)106392123</marc:subfield>
      <marc:subfield code="0">(DE-576)208848568</marc:subfield>
      <marc:subfield code="a">Arbeitsplatz</marc:subfield>
      <marc:subfield code="2">gnd</marc:subfield>
    </marc:datafield>
    <marc:datafield tag="689" ind1="0" ind2="2">
      <marc:subfield code="D">s</marc:subfield>
      <marc:subfield code="0">(DE-588)4005392-1</marc:subfield>
      <marc:subfield code="0">(DE-627)104516992</marc:subfield>
      <marc:subfield code="0">(DE-576)208860533</marc:subfield>
      <marc:subfield code="a">Belastung</marc:subfield>
      <marc:subfield code="2">gnd</marc:subfield>
    </marc:datafield>
    <marc:datafield tag="689" ind1="0" ind2="3">
      <marc:subfield code="D">s</marc:subfield>
      <marc:subfield code="0">(DE-588)4165520-5</marc:subfield>
      <marc:subfield code="0">(DE-627)105439533</marc:subfield>
      <marc:subfield code="0">(DE-576)209895896</marc:subfield>
      <marc:subfield code="a">Krankenstand</marc:subfield>
      <marc:subfield code="2">gnd</marc:subfield>
    </marc:datafield>
    <marc:datafield tag="689" ind1="0" ind2="4">
      <marc:subfield code="D">s</marc:subfield>
      <marc:subfield code="0">(DE-588)4247917-4</marc:subfield>
      <marc:subfield code="0">(DE-627)104547758</marc:subfield>
      <marc:subfield code="0">(DE-576)210491906</marc:subfield>
      <marc:subfield code="a">Krankheitskosten</marc:subfield>
      <marc:subfield code="2">gnd</marc:subfield>
    </marc:datafield>
    <marc:datafield tag="689" ind1="0" ind2="5">
      <marc:subfield code="D">s</marc:subfield>
      <marc:subfield code="0">(DE-588)4055720-0</marc:subfield>
      <marc:subfield code="0">(DE-627)104123346</marc:subfield>
      <marc:subfield code="0">(DE-576)209115114</marc:subfield>
      <marc:subfield code="a">Soziale Kosten</marc:subfield>
      <marc:subfield code="2">gnd</marc:subfield>
    </marc:datafield>
    <marc:datafield tag="689" ind1="0" ind2=" ">
      <marc:subfield code="5">(DE-627)</marc:subfield>
    </marc:datafield>
    <marc:datafield tag="700" ind1="1" ind2=" ">
      <marc:subfield code="8">1\p</marc:subfield>
      <marc:subfield code="a">Leoni, Thomas</marc:subfield>
      <marc:subfield code="0">(DE-588)122442168X</marc:subfield>
      <marc:subfield code="0">(DE-627)1743778384</marc:subfield>
      <marc:subfield code="4">aut</marc:subfield>
    </marc:datafield>
    <marc:datafield tag="710" ind1="2" ind2=" ">
      <marc:subfield code="a">Österreichisches Institut für Wirtschaftsforschung</marc:subfield>
      <marc:subfield code="0">(DE-588)37744-2</marc:subfield>
      <marc:subfield code="0">(DE-627)100861474</marc:subfield>
      <marc:subfield code="0">(DE-576)190354755</marc:subfield>
      <marc:subfield code="4">oth</marc:subfield>
    </marc:datafield>
    <marc:datafield tag="856" ind1="4" ind2="2">
      <marc:subfield code="u">https://www.gbv.de/dms/zbw/593251946.pdf</marc:subfield>
      <marc:subfield code="m">V:DE-601</marc:subfield>
      <marc:subfield code="m">B:DE-206</marc:subfield>
      <marc:subfield code="q">pdf/application</marc:subfield>
      <marc:subfield code="v">2009-06-25</marc:subfield>
      <marc:subfield code="3">Inhaltsverzeichnis</marc:subfield>
    </marc:datafield>
    <marc:datafield tag="883" ind1=" " ind2=" ">
      <marc:subfield code="8">1\p</marc:subfield>
      <marc:subfield code="a">cgwrk</marc:subfield>
      <marc:subfield code="d">20241001</marc:subfield>
      <marc:subfield code="q">DE-101</marc:subfield>
      <marc:subfield code="u">https://d-nb.info/provenance/plan#cgwrk</marc:subfield>
    </marc:datafield>
    <marc:datafield tag="912" ind1=" " ind2=" ">
      <marc:subfield code="a">SSG-OLC-pha</marc:subfield>
    </marc:datafield>
    <marc:datafield tag="924" ind1="0" ind2=" ">
      <marc:subfield code="a">925845914</marc:subfield>
      <marc:subfield code="b">DE-206</marc:subfield>
      <marc:subfield code="9">206</marc:subfield>
      <marc:subfield code="c">GBV</marc:subfield>
      <marc:subfield code="d">c</marc:subfield>
      <marc:subfield code="g">C 258128</marc:subfield>
      <marc:subfield code="h">K:</marc:subfield>
      <marc:subfield code="k">http://www.wifo.ac.at/wwa/servlet/wwa.upload.DownloadServlet/bdoc/S_2008_ARBEITSBEDINGTE_ERKRANKUNGEN_35099$.PDF</marc:subfield>
    </marc:datafield>
    <marc:datafield tag="936" ind1="r" ind2="v">
      <marc:subfield code="a">QX 700</marc:subfield>
      <marc:subfield code="b">Allgemeines</marc:subfield>
      <marc:subfield code="k">Wirtschaftswissenschaften</marc:subfield>
      <marc:subfield code="k">Sozialpolitik. Gesundheitswesen. Bildungsökonomie</marc:subfield>
      <marc:subfield code="k">Gesundheitswesen</marc:subfield>
      <marc:subfield code="k">Allgemeines</marc:subfield>
      <marc:subfield code="0">(DE-627)1270708333</marc:subfield>
      <marc:subfield code="0">(DE-625)rvk/142186:</marc:subfield>
      <marc:subfield code="0">(DE-576)200708333</marc:subfield>
    </marc:datafield>
    <marc:datafield tag="951" ind1=" " ind2=" ">
      <marc:subfield code="a">BO</marc:subfield>
    </marc:datafield>
  </marc:record>
</marc:collection>
